| 000 | 00728nam a22002177a 4500 | ||
|---|---|---|---|
| 999 |
_c15635 _d15635 |
||
| 003 | AR-CdUCM | ||
| 008 | 190429b ||||| |||| 00| 0 spa d | ||
| 040 |
_aMUNICIPALIDAD PROVINCIAL DEL CUSCO _cBIBLIOTECA MUNICIPAL DEL CUSCO |
||
| 082 |
_aPI / 803 / _2M26 |
||
| 100 |
_aMarcuello, Mabel _934765 |
||
| 245 | _aManchita, el perrito feliz / | ||
| 260 |
_aLima : _bUNICEF, _c2001. |
||
| 300 |
_a9 páginas ; _bilustraciones, _c21 cm. |
||
| 650 |
_aCuentos infantiles _93927 |
||
| 650 |
_aAdaptaciones _91309 |
||
| 650 |
_aLiteratura infantil _9588 |
||
| 700 |
_aNieves, Angelina (autora versión portugués) _934766 |
||
| 700 |
_aSantisteban, Ernesto (ilustraciones) _934767 |
||
| 942 |
_2ddc _cLIBROS |
||
| 945 |
_aachl _d2019-04-29 |
||